[Event "DEM U10/U10w 2014"]
[Site "Magdeburg GER"]
[Date "2014.06.11"]
[Round "7"]
[White "Wu, Luka"]
[Black "Zeuner, Ole"]
[Result "0-1"]
[Termination "normal"]
[Board "22"]
[WhiteElo "1433"]
[BlackElo "1154"]
[PlyCount "114"]
[WhiteFideId "12977420"]
[BlackFideId "12943576"]
[EventCountry "GER"]
[EventRounds "11"]
[EventType "swiss"]
[EventDate "2014.06.07"]

1. e4 c5 2. Nf3 Nc6 3. d4 cxd4 4. Nxd4 g6 5. Nc3 Bg7 6. Be3 Nf6 7. Bc4 O-O 8.
f3 Qb6 9. Nxc6 Qxe3+ 10. Qe2 Qxe2+ 11. Bxe2 bxc6 12. O-O d5 13. exd5 cxd5 14.
Rad1 Be6 15. b3 Rfc8 16. Rd3 Rc7 17. Bd1 a6 18. Na4 Rb8 19. a3 Bd7 20. Nb2 e6
21. Rd2 Bb5 22. Re1 Nd7 23. c4 Bc3 24. Ree2 Bxd2 25. Rxd2 Bc6 26. cxd5 Bxd5 27.
Nd3 Bxb3 28. Bxb3 Rxb3 29. a4 Nf6 30. Ne5 Ra3 31. Rd4 Rc2 32. h3 Raa2 33. Rb4
Rxg2+ 34. Kf1 Rgb2 35. Rxb2 Rxb2 36. a5 Rb5 37. Nc6 Rc5 38. Nb4 Rxa5 39. Nc6
Rc5 40. Nb4 a5 41. Nd3 Rc3 42. Ke2 a4 43. Kd2 Rc8 44. Nc1 Nd5 45. Na2 a3 46.
Kd3 Nf4+ 47. Ke4 Nxh3 48. Kd3 Nf4+ 49. Kd2 h5 50. Ke3 Nd5+ 51. Kd2 h4 52. Nc1
h3 53. Ne2 a2 54. Ng3 a1=Q 55. Kd3 Qc3+ 56. Ke2 Qe3+ 57. Kd1 Rc1# 0-1

[Event "DEM U10/U10w 2014"]
[Site "Magdeburg GER"]
[Date "2014.06.11"]
[Round "7"]
[White "Englert, Jon"]
[Black "Schönweiler, Elisabeth"]
[Result "1-0"]
[Termination "normal"]
[Board "23"]
[WhiteElo "1375"]
[BlackElo "1217"]
[PlyCount "105"]
[WhiteFideId "12992275"]
[BlackFideId "12997005"]
[EventCountry "GER"]
[EventRounds "11"]
[EventType "swiss"]
[EventDate "2014.06.07"]

1. e4 c5 2. Nf3 d6 3. d4 cxd4 4. Nxd4 Nf6 5. Nc3 g6 6. f3 Bg7 7. Be3 Nc6 8. Bb5
Bd7 9. Qd2 O-O 10. Bxc6 bxc6 11. g4 c5 12. Nde2 Qb6 13. b3 Bc6 14. Bh6 Rfd8 15.
Bxg7 Kxg7 16. g5 Nd7 17. Qe3 Rab8 18. h4 f6 19. h5 Rh8 20. Nd5 Bxd5 21. exd5
Rbe8 22. h6+ Kf8 23. f4 f5 24. Qc3 e5 25. dxe6 Qb4 26. Qxb4 cxb4 27. exd7 Rd8
28. O-O-O Rxd7 29. Rd4 a5 30. Rd5 Kf7 31. Rhd1 Re8 32. R1d2 Re6 33. Rxa5 d5 34.
Kd1 Red6 35. Rb5 d4 36. Rxb4 d3 37. Rxd3 Rxd3+ 38. cxd3 Rxd3+ 39. Kc2 Re3 40.
Kd2 Re7 41. Rd4 Ra7 42. a4 Rb7 43. b4 Ra7 44. a5 Ra8 45. Rd7+ Kg8 46. Rd6 Rb8
47. Rb6 Rd8+ 48. Ke3 Re8+ 49. Kf3 Kf8 50. a6 Re7 51. Rb7 Re4 52. a7 Re8 53. Rb8
1-0

[Event "DEM U10/U10w 2014"]
[Site "Magdeburg GER"]
[Date "2014.06.11"]
[Round "7"]
[White "Gericke, Luis"]
[Black "Grünwald, Max"]
[Result "1-0"]
[Termination "normal"]
[Board "24"]
[WhiteElo "1161"]
[BlackElo "1340"]
[PlyCount "105"]
[WhiteFideId "16212525"]
[BlackFideId "12992283"]
[EventCountry "GER"]
[EventRounds "11"]
[EventType "swiss"]
[EventDate "2014.06.07"]

1. e4 d6 2. d4 Nf6 3. Nc3 e5 4. dxe5 dxe5 5. Qxd8+ Kxd8 6. Nf3 Bd6 7. Bg5 Nc6
8. Nd5 Be7 9. Nxe7 Kxe7 10. O-O-O Be6 11. a3 Rhd8 12. Bb5 Rxd1+ 13. Rxd1 Bg4
14. Rd3 Bxf3 15. Rxf3 Nd4 16. Bxf6+ gxf6 17. Rd3 Nxb5 18. Rb3 Nd6 19. f3 Rg8
20. g4 Kd7 21. Rd3 Kc6 22. a4 Kc5 23. Rd5+ Kb4 24. b3 Kc3 25. Rc5+ Kd4 26. Rxc7
Ke3 27. Rc3+ Kf2 28. Kd2 Kg2 29. h4 Kg3 30. h5 Kf4 31. Rd3 Rd8 32. c4 Nxe4+ 33.
fxe4 Rxd3+ 34. Kxd3 Kxg4 35. b4 Kxh5 36. c5 Kg4 37. b5 h5 38. c6 h4 39. c7 h3
40. c8=Q+ Kg3 41. Qg8+ Kf2 42. Qg4 h2 43. Qh3 Kg1 44. Qg3+ Kh1 45. Kc4 f5 46.
exf5 e4 47. Kd4 a5 48. bxa6 bxa6 49. Kxe4 a5 50. Qh3 Kg1 51. Ke5 h1=Q 52. Qxh1+
Kxh1 53. Kf6 1-0

[Event "DEM U10/U10w 2014"]
[Site "Magdeburg GER"]
[Date "2014.06.11"]
[Round "7"]
[White "Pantsernaya, Sofya"]
[Black "Rudolph, Eva"]
[Result "0-1"]
[Termination "normal"]
[Board "25"]
[WhiteElo "1320"]
[BlackElo "1129"]
[PlyCount "70"]
[WhiteFideId "12993182"]
[BlackFideId "16200594"]
[EventCountry "GER"]
[EventRounds "11"]
[EventType "swiss"]
[EventDate "2014.06.07"]

1. e4 e5 2. Nf3 d6 3. d4 exd4 4. Nxd4 Nf6 5. Nc3 Be7 6. Bc4 O-O 7. O-O c6 8. a4
a5 9. h3 Na6 10. Re1 Nc5 11. Bf4 Re8 12. Nf3 h6 13. e5 dxe5 14. Nxe5 Be6 15.
Qe2 Qd4 16. Bxe6 Nxe6 17. Bg3 Qb4 18. Nd3 Qd4 19. Rad1 Qb6 20. Ne4 Nd4 21.
Nxf6+ Bxf6 22. Qd2 Nf5 23. Bh2 Red8 24. Qf4 Nd4 25. Rd2 Ne6 26. Qg4 Bxb2 27.
Nxb2 Rxd2 28. Nd3 Rxc2 29. Qf3 Qb3 30. Qf5 Qd5 31. Ne5 Nd4 32. Qg4 Qc5 33. Bf4
Nf5 34. Qxf5 Qxf2+ 35. Kh2 Qxg2# 0-1

[Event "DEM U10/U10w 2014"]
[Site "Magdeburg GER"]
[Date "2014.06.11"]
[Round "7"]
[White "Meinschien, Finn"]
[Black "Diderle, Konstantin"]
[Result "1/2-1/2"]
[Termination "normal"]
[Board "26"]
[WhiteElo "1300"]
[BlackElo "1103"]
[PlyCount "63"]
[WhiteFideId "12989665"]
[BlackFideId "12965197"]
[EventCountry "GER"]
[EventRounds "11"]
[EventType "swiss"]
[EventDate "2014.06.07"]

1. e4 c5 2. Nf3 d6 3. d3 Nc6 4. g3 Nf6 5. Bg2 g6 6. O-O Bg7 7. Be3 O-O 8. Qd2
Bg4 9. Bh6 Qd7 10. Nc3 Bh3 11. Qg5 Bxg2 12. Kxg2 Qg4 13. Qxg4 Nxg4 14. Bxg7
Kxg7 15. h3 Nf6 16. a3 a6 17. Rfe1 Rad8 18. Nd5 e6 19. Nb6 Nd7 20. Nxd7 Rxd7
21. Rac1 b5 22. c3 a5 23. d4 c4 24. Rc2 Re8 25. Rd1 Nd8 26. Rcd2 Nb7 27. e5 d5
28. Nh2 h5 29. g4 Rg8 30. Rh1 Kh6 31. Nf3 Rdd8 32. g5+ 1/2-1/2

[Event "DEM U10/U10w 2014"]
[Site "Magdeburg GER"]
[Date "2014.06.11"]
[Round "7"]
[White "Mimkes, Pavel"]
[Black "Hartmann, Katrin"]
[Result "1-0"]
[Termination "normal"]
[Board "27"]
[WhiteElo "1271"]
[BlackElo "1014"]
[PlyCount "93"]
[WhiteFideId "12990833"]
[BlackFideId "16200632"]
[EventCountry "GER"]
[EventRounds "11"]
[EventType "swiss"]
[EventDate "2014.06.07"]

1. e4 e5 2. f4 exf4 3. Nf3 Bc5 4. d4 Bb6 5. Bc4 Nf6 6. O-O O-O 7. Qd3 Re8 8. e5
Ng4 9. Bxf4 Nc6 10. Kh1 d5 11. exd6 cxd6 12. h3 Nf6 13. Nbd2 d5 14. Bb5 a6 15.
Ba4 Nb4 16. Qb3 Nc6 17. c3 Bf5 18. Qd1 Bc7 19. Bxc7 Qxc7 20. Ne5 Be6 21. Ndf3
b5 22. Bc2 Nxe5 23. Nxe5 Qc8 24. Kh2 Qc7 25. Kg1 Qb6 26. Qd3 Bxh3 27. Nxf7 Kxf7
28. Qxh3 Ke7 29. Rae1+ Kd6 30. Bxh7 Rxe1 31. Rxe1 Nxh7 32. Qxh7 Qc7 33. Qg6+
Kd7 34. Qf7+ Kc6 35. Re6+ Kb7 36. Re7 Rc8 37. Rxc7+ Rxc7 38. Qxd5+ Rc6 39. b3
Kb6 40. c4 bxc4 41. bxc4 a5 42. c5+ Kc7 43. Kf2 Rf6+ 44. Ke3 Kc8 45. c6 Rf8 46.
Qd7+ Kb8 47. Qb7# 1-0

[Event "DEM U10/U10w 2014"]
[Site "Magdeburg GER"]
[Date "2014.06.11"]
[Round "7"]
[White "Krause, Marc"]
[Black "Popist, Florian"]
[Result "1-0"]
[Termination "normal"]
[Board "28"]
[WhiteElo "1083"]
[BlackElo "1245"]
[PlyCount "55"]
[WhiteFideId "12985724"]
[BlackFideId "16203518"]
[EventCountry "GER"]
[EventRounds "11"]
[EventType "swiss"]
[EventDate "2014.06.07"]

1. d4 d5 2. Nf3 e6 3. c4 Nf6 4. Nc3 Be7 5. Bf4 O-O 6. b3 Bb4 7. Bd2 b6 8. g3
Bb7 9. cxd5 Nxd5 10. Nxd5 Bxd5 11. Bxb4 Re8 12. Bg2 Nd7 13. O-O Qf6 14. Rc1
Rac8 15. Qd2 Qg6 16. Nh4 Qh5 17. Bxd5 exd5 18. Nf3 Nf6 19. Kg2 Ne4 20. Qd3 g5
21. Bd2 g4 22. Nh4 c5 23. dxc5 Nxc5 24. Qf5 Qxf5 25. Nxf5 Rxe2 26. Rc2 Rd8 27.
Nh6+ Kg7 28. Bc3+ 1-0

[Event "DEM U10/U10w 2014"]
[Site "Magdeburg GER"]
[Date "2014.06.11"]
[Round "7"]
[White "Ackermann, Richard"]
[Black "Marzisch, Darius"]
[Result "1-0"]
[Termination "normal"]
[Board "29"]
[WhiteElo "1239"]
[BlackElo "1067"]
[PlyCount "97"]
[WhiteFideId "12987026"]
[BlackFideId "12997480"]
[EventCountry "GER"]
[EventRounds "11"]
[EventType "swiss"]
[EventDate "2014.06.07"]

1. e4 e5 2. Nf3 Nc6 3. Nc3 Nf6 4. Bb5 Bc5 5. Bxc6 dxc6 6. Nxe5 Qd4 7. Nd3 Nxe4
8. Qe2 O-O 9. Qxe4 Qxe4+ 10. Nxe4 Re8 11. Ndxc5 b6 12. O-O bxc5 13. Re1 Ba6 14.
Re3 Rad8 15. Nxc5 Rxe3 16. fxe3 Bb5 17. d3 Rd5 18. b4 a5 19. c4 Bxc4 20. dxc4
Re5 21. Nd3 Rf5 22. bxa5 Rxa5 23. a4 Ra8 24. a5 Re8 25. a6 h6 26. a7 Ra8 27. e4
Kf8 28. Be3 Ke7 29. Rb1 Rxa7 30. Bxa7 Ke6 31. Rb7 Kd6 32. Bb8 g6 33. Rxc7 f5
34. exf5 gxf5 35. Rh7+ Ke6 36. Rxh6+ Kf7 37. Rxc6 f4 38. Ne5+ Ke7 39. Kf2 f3
40. Kxf3 Kf8 41. Rc7 Ke8 42. h4 Kf8 43. h5 Kg8 44. h6 Kh8 45. Ng4 Kg8 46. Ba7
Kh8 47. g3 Kg8 48. h7+ Kh8 49. Bd4# 1-0

[Event "DEM U10/U10w 2014"]
[Site "Magdeburg GER"]
[Date "2014.06.11"]
[Round "7"]
[White "Khanbekyan, Areg"]
[Black "Khamenya, Vitalia"]
[Result "0-1"]
[Termination "normal"]
[Board "30"]
[WhiteElo "962"]
[BlackElo "1230"]
[PlyCount "92"]
[WhiteFideId "12993727"]
[BlackFideId "12959260"]
[EventCountry "GER"]
[EventRounds "11"]
[EventType "swiss"]
[EventDate "2014.06.07"]

1. e4 e5 2. Nf3 Nc6 3. d4 exd4 4. Nxd4 Qh4 5. Nc3 Bb4 6. Qd3 Nf6 7. Nxc6 dxc6
8. e5 Nd5 9. Be2 O-O 10. O-O Ne7 11. Ne4 h6 12. a3 Ba5 13. b4 Bb6 14. Bb2 Bf5
15. Bf3 Rad8 16. Qe2 Bd4 17. Nc3 Ng6 18. g3 Qe7 19. Nd5 cxd5 20. Bxd4 b6 21.
Rfe1 c5 22. bxc5 bxc5 23. Bc3 Qc7 24. Qd2 Qd7 25. Ba5 Rde8 26. Bxd5 Nxe5 27.
Bc3 Ng6 28. Rab1 Rd8 29. Rb7 Qxd5 30. Qxd5 Rxd5 31. h4 h5 32. Rxa7 Bxc2 33. Rc1
Be4 34. a4 Rfd8 35. Kf1 Rd1+ 36. Rxd1 Rxd1+ 37. Ke2 Rd3 38. Bb2 c4 39. Ra8+
Bxa8 40. f3 Bxf3+ 41. Ke1 c3 42. Ba3 c2 43. a5 Rxa3 44. Kd2 Be4 45. Kc1 Ra1+
46. Kb2 c1=Q+ 0-1

[Event "DEM U10/U10w 2014"]
[Site "Magdeburg GER"]
[Date "2014.06.11"]
[Round "7"]
[White "Bardorz, Jana"]
[Black "Pahl, Theis"]
[Result "1-0"]
[Termination "normal"]
[Board "31"]
[WhiteElo "1175"]
[BlackElo "1311"]
[PlyCount "39"]
[WhiteFideId "16208897"]
[BlackFideId "16201264"]
[EventCountry "GER"]
[EventRounds "11"]
[EventType "swiss"]
[EventDate "2014.06.07"]

1. e4 e5 2. Nf3 Nc6 3. Bb5 Nf6 4. O-O Nxe4 5. d4 Nd6 6. Bxc6 dxc6 7. dxe5 Nf5
8. Qxd8+ Kxd8 9. Nc3 Be6 10. Bf4 Ke8 11. Rad1 h6 12. b3 g5 13. Bd2 Bg7 14. h3
a6 15. g4 Ne7 16. Ne4 Nd5 17. c4 Nb6 18. Nf6+ Ke7 19. Bb4+ c5 20. Bxc5# 1-0

[Event "DEM U10/U10w 2014"]
[Site "Magdeburg GER"]
[Date "2014.06.11"]
[Round "7"]
[White "Doan, Lam Phuc"]
[Black "Rößl, Adam"]
[Result "1/2-1/2"]
[Termination "normal"]
[Board "32"]
[WhiteElo "1145"]
[BlackElo "1310"]
[PlyCount "67"]
[BlackFideId "16246047"]
[EventCountry "GER"]
[EventRounds "11"]
[EventType "swiss"]
[EventDate "2014.06.07"]

1. d4 d5 2. c4 e6 3. Nc3 Nf6 4. e3 Bb4 5. Bd2 Nc6 6. Nf3 Bxc3 7. Bxc3 Ne4 8.
Qc2 O-O 9. Bd3 Nd6 10. cxd5 exd5 11. Bxh7+ Kh8 12. Bd3 Re8 13. O-O-O Ne4 14.
Bxe4 dxe4 15. Ne5 Nxe5 16. dxe5 Qh4 17. g3 Qh7 18. Qa4 Bg4 19. Rd2 Bf3 20. Re1
Qxh2 21. Qd7 Rad8 22. Qxf7 Bh5 23. Qf5 Rxd2 24. Kxd2 Bf3 25. Qg5 Qxf2+ 26. Kc1
Re6 27. Qf5 Rc6 28. Qf8+ Kh7 29. Rh1+ Kg6 30. Qe8+ Kg5 31. Qe7+ Kg6 32. Qe8+
Kg5 33. Qd8+ Kg6 34. Qe8+ 1/2-1/2

[Event "DEM U10/U10w 2014"]
[Site "Magdeburg GER"]
[Date "2014.06.11"]
[Round "7"]
[White "Schade, Johannes"]
[Black "Kurzweil, Nalani"]
[Result "1-0"]
[Termination "normal"]
[Board "33"]
[WhiteElo "1304"]
[BlackElo "1194"]
[PlyCount "75"]
[WhiteFideId "12958581"]
[BlackFideId "12985694"]
[EventCountry "GER"]
[EventRounds "11"]
[EventType "swiss"]
[EventDate "2014.06.07"]

1. d4 d5 2. c4 c6 3. Nc3 Nf6 4. Nf3 Bf5 5. Bf4 e6 6. e3 Bd6 7. Ne5 Bxe5 8. Bxe5
Nbd7 9. Bg3 Nb6 10. b3 Rc8 11. Be2 Ne4 12. Nxe4 Bxe4 13. O-O O-O 14. c5 Nd7 15.
Bd6 Re8 16. a4 a5 17. Qd2 b6 18. Ba6 Ra8 19. Bb7 Ra7 20. Bxc6 bxc5 21. Bxc5 Rc7
22. Bxd7 Rxd7 23. b4 axb4 24. Qxb4 Qg5 25. g3 Qg4 26. f3 Bxf3 27. Qd2 Be2 28.
Rf4 Qh5 29. a5 Bc4 30. a6 Ra8 31. a7 Qg5 32. Qb2 Qd8 33. Ra4 h6 34. Rb4 Raxa7
35. Bxa7 Rxa7 36. Rb8 Qxb8 37. Qxb8+ Kh7 38. Qxa7 1-0

[Event "DEM U10/U10w 2014"]
[Site "Magdeburg GER"]
[Date "2014.06.11"]
[Round "7"]
[White "Kalina, Lena"]
[Black "Hommer, Jeremy"]
[Result "1-0"]
[Termination "normal"]
[Board "34"]
[WhiteElo "781"]
[BlackElo "1229"]
[PlyCount "25"]
[WhiteFideId "12988014"]
[BlackFideId "12992577"]
[EventCountry "GER"]
[EventRounds "11"]
[EventType "swiss"]
[EventDate "2014.06.07"]

1. e4 c6 2. d4 d5 3. exd5 cxd5 4. Bd3 Nc6 5. Bf4 Nxd4 6. c3 Nc6 7. Nd2 Nf6 8.
Bg5 e5 9. Bb5 Bc5 10. c4 dxc4 11. Nxc4 Qxd1+ 12. Rxd1 Ng4 13. Rd8# 1-0

[Event "DEM U10/U10w 2014"]
[Site "Magdeburg GER"]
[Date "2014.06.11"]
[Round "7"]
[White "Neumann, Konstantina"]
[Black "Sinnhöfer, Lilian"]
[Result "0-1"]
[Termination "normal"]
[Board "35"]
[WhiteElo "1183"]
[BlackElo "1128"]
[PlyCount "44"]
[WhiteFideId "16200543"]
[BlackFideId "12977586"]
[EventCountry "GER"]
[EventRounds "11"]
[EventType "swiss"]
[EventDate "2014.06.07"]

1. e4 e5 2. Nf3 Nc6 3. Bc4 Be7 4. Nc3 Nf6 5. d3 d6 6. O-O Bg4 7. Bg5 Nd4 8. Re1
Nxf3+ 9. gxf3 Bh3 10. Kh1 h6 11. Be3 Nh5 12. Rg1 Qd7 13. f4 Nxf4 14. Bxf4 exf4
15. Rxg7 Rf8 16. Nd5 O-O-O 17. Qd2 Rg8 18. Rag1 Rxg7 19. Rxg7 Bg5 20. Nxf4 Qg4
21. Qe3 Qd1+ 22. Qe1 Qxe1# 0-1

[Event "DEM U10/U10w 2014"]
[Site "Magdeburg GER"]
[Date "2014.06.11"]
[Round "7"]
[White "Paulsen, Niels-Martin"]
[Black "Muths, Lukas"]
[Result "0-1"]
[Termination "normal"]
[Board "36"]
[WhiteElo "1043"]
[BlackElo "1248"]
[PlyCount "136"]
[WhiteFideId "16214994"]
[BlackFideId "12953156"]
[EventCountry "GER"]
[EventRounds "11"]
[EventType "swiss"]
[EventDate "2014.06.07"]

1. d4 Nf6 2. Nf3 e6 3. e3 d5 4. Bd3 c5 5. O-O Nc6 6. b3 Be7 7. Bb2 O-O 8. Nbd2
b6 9. c4 Bb7 10. Qc2 Rc8 11. Rfe1 cxd4 12. exd4 Nb4 13. Qc3 Nxd3 14. Qxd3 Bb4
15. Rac1 Be7 16. Ne5 Nd7 17. Ndf3 Nxe5 18. Nxe5 f6 19. Nf3 Qd6 20. Qe2 Kf7 21.
Nd2 Rfe8 22. Qh5+ Kg8 23. Qh3 Bd8 24. cxd5 Rxc1 25. Bxc1 Bxd5 26. Nf1 e5 27. f4
e4 28. Nd2 Be6 29. Qe3 f5 30. g4 Qd5 31. gxf5 Bxf5 32. Bb2 Bh4 33. Re2 Bg4 34.
Rg2 Bf5 35. Nf3 Bf6 36. Ne5 Rc8 37. Qg3 Rc7 38. h4 Kh8 39. h5 h6 40. Ng6+ Kg8
41. Ne5 b5 42. a4 bxa4 43. bxa4 Qa5 44. Qb3+ Kh7 45. d5 Qe1+ 46. Kh2 Qh4+ 47.
Kg1 Qxf4 48. d6 Rc8 49. Qb7 Bxe5 50. Rxg7+ Kh8 51. Rh7+ Bxh7 52. Qxc8+ Bg8 53.
Bxe5+ Qxe5 54. d7 Qd4+ 55. Kf1 Qd3+ 56. Ke1 Qe3+ 57. Kd1 Qf3+ 58. Kc2 Qg2+ 59.
Kc3 Qf3+ 60. Kb4 Qb3+ 61. Kc5 Qc4+ 62. Kd6 Qd5+ 63. Kc7 Qa5+ 64. Kb8 Qb6+ 65.
Ka8 Kh7 66. Qb7 Qd8+ 67. Qc8 Bd5+ 68. Kxa7 Qa5+ 0-1

[Event "DEM U10/U10w 2014"]
[Site "Magdeburg GER"]
[Date "2014.06.11"]
[Round "7"]
[White "Mailitis, Ricardo"]
[Black "Wiemann, Vanessa"]
[Result "1-0"]
[Termination "normal"]
[Board "37"]
[WhiteElo "1205"]
[BlackElo "1034"]
[PlyCount "145"]
[WhiteFideId "12977535"]
[BlackFideId "12942987"]
[EventCountry "GER"]
[EventRounds "11"]
[EventType "swiss"]
[EventDate "2014.06.07"]

1. e4 e5 2. Nf3 Nc6 3. Nc3 Bb4 4. Bc4 Nf6 5. d3 h6 6. a3 Ba5 7. O-O O-O 8. b4
Bb6 9. Be3 d6 10. Na4 Bg4 11. Nxb6 axb6 12. c3 Bxf3 13. Qxf3 Re8 14. Qg3 Nh5
15. Qg6 d5 16. Qxh5 dxc4 17. dxc4 Qf6 18. c5 bxc5 19. Bxc5 b6 20. Be3 Re6 21.
c4 Qg6 22. Qxg6 Rxg6 23. c5 b5 24. Rfd1 Re8 25. Rd7 Rc8 26. g3 Rf6 27. f4 exf4
28. Bxf4 Re6 29. Rxc7 Rxc7 30. Bxc7 Rxe4 31. Rd1 Re3 32. Rd6 Ne7 33. Ra6 Nd5
34. Bb6 Re1+ 35. Kf2 Rh1 36. Kg2 Rc1 37. Kf3 Rc2 38. Ke4 Nf6+ 39. Ke5 Ng4+ 40.
Kd6 Nxh2 41. c6 Nf1 42. c7 Nxg3 43. Ra8+ Kh7 44. c8=Q Rxc8 45. Rxc8 h5 46. Bf2
Ne4+ 47. Ke7 Nxf2 48. Rc5 g6 49. Kxf7 h4 50. Rxb5 h3 51. Rc5 h2 52. Rc1 h1=Q
53. Rxh1+ Nxh1 54. b5 Ng3 55. b6 Ne4 56. Ke6 Nc5+ 57. Kd6 Nb7+ 58. Kc6 Na5+ 59.
Kb5 Nb7 60. a4 g5 61. a5 g4 62. a6 Nd6+ 63. Kc6 Nc8 64. a7 Ne7+ 65. Kd7 Nd5 66.
b7 Nb6+ 67. Kc6 g3 68. b8=Q g2 69. Qxb6 g1=Q 70. Qxg1 Kh6 71. a8=Q Kh7 72.
Qag8+ Kh6 73. Q1g6# 1-0

[Event "DEM U10/U10w 2014"]
[Site "Magdeburg GER"]
[Date "2014.06.11"]
[Round "7"]
[White "Glinzner, Alva"]
[Black "Eschner, Fabian"]
[Result "0-1"]
[Termination "normal"]
[Board "38"]
[WhiteElo "1194"]
[BlackElo "1018"]
[PlyCount "72"]
[WhiteFideId "16206169"]
[BlackFideId "16232860"]
[EventCountry "GER"]
[EventRounds "11"]
[EventType "swiss"]
[EventDate "2014.06.07"]

1. e4 e5 2. Nf3 Nc6 3. d4 exd4 4. Nxd4 Bc5 5. Be3 Qf6 6. c3 Nge7 7. Bc4 O-O 8.
O-O d6 9. Re1 Be6 10. Be2 Rad8 11. Bf3 Rfe8 12. Re2 h6 13. Rd2 Bb6 14. Na3 d5
15. Nac2 a6 16. Qe2 Ne5 17. Rb1 Nxf3+ 18. Nxf3 dxe4 19. Rxd8 Rxd8 20. Nd2 Bxa2
21. Re1 Be6 22. Bxb6 cxb6 23. Nxe4 Qe5 24. f3 Ng6 25. Qe3 Qc7 26. Nd4 Bd5 27.
Ng3 Bc6 28. Ngf5 Re8 29. Qf2 Rxe1+ 30. Qxe1 Bd7 31. Ne3 Qe5 32. Qd2 b5 33. Nb3
Be6 34. Nd4 Qg5 35. Nxe6 fxe6 36. Ng4 Qxd2 0-1

[Event "DEM U10/U10w 2014"]
[Site "Magdeburg GER"]
[Date "2014.06.11"]
[Round "7"]
[White "Ewerhardy, Moritz"]
[Black "Sulzbacher, Marijana"]
[Result "1/2-1/2"]
[Termination "normal"]
[Board "39"]
[WhiteElo "1190"]
[BlackElo "1016"]
[PlyCount "40"]
[WhiteFideId "36052086"]
[BlackFideId "34658181"]
[EventCountry "GER"]
[EventRounds "11"]
[EventType "swiss"]
[EventDate "2014.06.07"]

1. e4 e5 2. Nf3 Nf6 3. Nxe5 d6 4. Nf3 Nxe4 5. d4 d5 6. Bd3 Bf5 7. O-O f6 8. a3
Qd7 9. Re1 Nc6 10. c4 O-O-O 11. c5 Re8 12. Nbd2 g6 13. Qe2 Bg7 14. Qf1 Qd8 15.
Nh4 Nxd4 16. b4 Bh6 17. Nxe4 dxe4 18. Nxf5 gxf5 19. Bb1 Bxc1 20. Rxc1 e3
1/2-1/2

[Event "DEM U10/U10w 2014"]
[Site "Magdeburg GER"]
[Date "2014.06.11"]
[Round "7"]
[White "Diederich, Greta"]
[Black "Stockmann, Till"]
[Result "1-0"]
[Termination "normal"]
[Board "40"]
[WhiteElo "1036"]
[BlackElo "1162"]
[PlyCount "73"]
[WhiteFideId "12988618"]
[BlackFideId "12979341"]
[EventCountry "GER"]
[EventRounds "11"]
[EventType "swiss"]
[EventDate "2014.06.07"]

1. d4 d5 2. e3 Nf6 3. Bd3 Nc6 4. c3 e5 5. dxe5 Nxe5 6. Bc2 Bd6 7. f4 Nc4 8. b3
Nb6 9. Nf3 Bg4 10. Nbd2 Qe7 11. Qe2 Ne4 12. Qd3 f5 13. O-O O-O-O 14. c4 Bc5 15.
Qe2 Nc3 16. Qe1 Bxe3+ 17. Kh1 d4 18. h3 h5 19. Ne5 Rd6 20. c5 Re6 21. cxb6 axb6
22. Ndc4 Be2 23. Bxf5 Bxc1 24. Bxe6+ Qxe6 25. f5 Qf6 26. Qf2 Ne4 27. Qxd4 Bxf1
28. Rxc1 Qxf5 29. Nxb6+ Kb8 30. Ned7+ Qxd7 31. Qxd7 cxb6 32. Qc7+ Ka7 33. Rc6
Rb8 34. Qxb6+ Ka8 35. Qa5+ Ba6 36. Rxa6+ bxa6 37. Qxa6# 1-0

[Event "DEM U10/U10w 2014"]
[Site "Magdeburg GER"]
[Date "2014.06.11"]
[Round "7"]
[White "Delgado, Celina"]
[Black "Basovskiy, Jana"]
[Result "1-0"]
[Termination "normal"]
[Board "41"]
[WhiteElo "1023"]
[BlackElo "1157"]
[PlyCount "59"]
[WhiteFideId "12993735"]
[BlackFideId "16208617"]
[EventCountry "GER"]
[EventRounds "11"]
[EventType "swiss"]
[EventDate "2014.06.07"]

1. e4 e5 2. Nf3 d6 3. d4 Nd7 4. dxe5 dxe5 5. Bc4 c6 6. O-O Be7 7. Nc3 Ngf6 8.
Bg5 O-O 9. a3 a5 10. Qd2 Qc7 11. Rfe1 Re8 12. Rad1 Nf8 13. Bxf6 Bxf6 14. h3 Ng6
15. Ne2 b5 16. Ba2 Bb7 17. Ng3 Nf4 18. Qd7 Qxd7 19. Rxd7 Ba6 20. Bxf7+ Kf8 21.
Bxe8 Kxe8 22. Red1 Ne6 23. R7d6 Nd8 24. h4 Bb7 25. Ng5 Bxg5 26. hxg5 c5 27. Rd7
g6 28. Rxh7 Kf8 29. Rdd7 Bc6 30. Rh8# 1-0

[Event "DEM U10/U10w 2014"]
[Site "Magdeburg GER"]
[Date "2014.06.11"]
[Round "7"]
[White "Mirschel, Thaddeus"]
[Black "Kiesel, Lara"]
[Result "1-0"]
[Termination "normal"]
[Board "42"]
[WhiteElo "1094"]
[BlackElo "893"]
[PlyCount "53"]
[WhiteFideId "16277570"]
[BlackFideId "12973785"]
[EventCountry "GER"]
[EventRounds "11"]
[EventType "swiss"]
[EventDate "2014.06.07"]

1. e4 e6 2. d4 d5 3. exd5 exd5 4. Nf3 Bd6 5. Bd3 Nf6 6. O-O O-O 7. Nc3 h6 8.
Be3 Nc6 9. Qd2 Bg4 10. Be2 Re8 11. Rfe1 Qd7 12. h3 Bf5 13. Nh4 Nb4 14. Rac1 Nc6
15. Bxh6 Bf8 16. Bg5 Be7 17. Nxf5 Qxf5 18. Bg4 Nxg4 19. Bxe7 Nxe7 20. hxg4 Qxg4
21. Re3 Qd7 22. Rg3 Nf5 23. Rf3 Nh4 24. Rh3 Qe7 25. Nxd5 Qe4 26. Qg5 Nf5 27.
Nf6+ 1-0

[Event "DEM U10/U10w 2014"]
[Site "Magdeburg GER"]
[Date "2014.06.11"]
[Round "7"]
[White "Memtimin, Esma"]
[Black "Fischer, Laura"]
[Result "1-0"]
[Termination "normal"]
[Board "43"]
[WhiteElo "1002"]
[BlackElo "1091"]
[PlyCount "109"]
[WhiteFideId "12993514"]
[BlackFideId "16208935"]
[EventCountry "GER"]
[EventRounds "11"]
[EventType "swiss"]
[EventDate "2014.06.07"]

1. e4 e5 2. Nf3 Nc6 3. Nc3 Bc5 4. Bb5 Qf6 5. Bxc6 dxc6 6. d3 Ne7 7. O-O Bg4 8.
Bg5 Bxf3 9. Bxf6 Bxd1 10. Bxe7 Bxe7 11. Rfxd1 O-O-O 12. Ne2 Rd7 13. Kf1 Rhd8
14. a3 c5 15. b4 c4 16. Nc1 Bg5 17. Ke2 c5 18. Na2 cxd3+ 19. Rxd3 c4 20. Rxd7
Rxd7 21. Rd1 b5 22. Nc3 a6 23. Nd5 f6 24. Nb6+ Kc7 25. Nxd7 g6 26. Nf8 Bh6 27.
Ne6+ Kc6 28. g3 f5 29. Rd5 Bc1 30. exf5 gxf5 31. Rxe5 Kd6 32. f4 Bxa3 33. Nd4
Bxb4 34. Nxf5+ Kc6 35. g4 a5 36. Nd4+ Kb6 37. Rxb5+ Ka6 38. f5 Bc3 39. Rd5 a4
40. Rd8 a3 41. Ra8+ Kb7 42. Rxa3 Bxd4 43. g5 Bc5 44. Rh3 h6 45. g6 Bd4 46. Rxh6
Kc8 47. Rh7 Kd8 48. g7 Bxg7 49. Rxg7 Ke8 50. f6 Kf8 51. h4 Ke8 52. h5 c3 53. h6
Kd8 54. h7 Ke8 55. h8=Q# 1-0

[Event "DEM U10/U10w 2014"]
[Site "Magdeburg GER"]
[Date "2014.06.11"]
[Round "7"]
[White "Limbach, Anna-Lena"]
[Black "Pflugradt, Natalie"]
[Result "0-1"]
[Termination "normal"]
[Board "44"]
[WhiteElo "1091"]
[BlackElo "1127"]
[PlyCount "120"]
[WhiteFideId "12980412"]
[BlackFideId "16212444"]
[EventCountry "GER"]
[EventRounds "11"]
[EventType "swiss"]
[EventDate "2014.06.07"]

1. e4 c5 2. Nc3 e6 3. f4 Ne7 4. Nf3 g6 5. Bc4 Bg7 6. O-O O-O 7. Qe1 Nbc6 8. Qh4
h6 9. d3 f5 10. Bd2 Na5 11. Bb3 Nec6 12. Qg3 Kh7 13. Nh4 Ne7 14. Ne2 b5 15. c3
Nxb3 16. axb3 Qb6 17. b4 cxb4+ 18. Be3 Qc7 19. cxb4 Bxb2 20. Rab1 Bg7 21. Bc5
d6 22. Bd4 Bxd4+ 23. Nxd4 Rg8 24. Kh1 Bd7 25. exf5 gxf5 26. Qe3 Nd5 27. Qe2 Nc3
28. Qc2 Rac8 29. Rbc1 Nd5 30. Qxc7 Rxc7 31. Rxc7 Nxc7 32. Rc1 Nd5 33. Re1 Nxf4
34. g3 Nxd3 35. Re3 Nxb4 36. Nxe6 Nd5 37. Re1 Re8 38. Nxf5 Rxe6 39. Rxe6 Bxe6
40. Nxd6 b4 41. Nc4 Nb6 42. Nd2 b3 43. g4 a5 44. h4 a4 45. Nb1 Nc4 46. g5 hxg5
47. hxg5 a3 48. Nc3 a2 49. g6+ Kxg6 50. Nxa2 bxa2 51. Kg2 a1=Q 52. Kf3 Qe1 53.
Kf4 Qe2 54. Kg3 Ne3 55. Kf4 Ng2+ 56. Kg3 Kf5 57. Kh2 Qf1 58. Kg3 Ne3 59. Kh4
Qg2 60. Kh5 Qg5# 0-1